[Event "NED-ch Women 2018"]
[Site "Amsterdam"]
[Date "2018.07.04"]
[Round "1"]
[White "Keetman, Maaike"]
[Black "Paulet, Iozefina"]
[Result "1/2-1/2"]
[WhiteElo "2190"]
[BlackElo "2286"]
[Annotator "TA"]
[PlyCount "107"]
[EventDate "2018.07.02"]
[EventType "tourn"]
[EventCountry "NED"]
[SourceTitle "playchess.com"]
[Source "ChessBase"]
[SourceQuality "1"]

{[%evp 23,107,35,43,33,29,22,37,-4,60,16,27,22,22,22,22,-31,-20,-20,0,-9,0,-30,0,-14,-20,-37,8,8,10,10,8,8,0,0,10,5,10,4,29,40,207,60,60,60,58,58,57,45,112,21,25,16,50,8,533,486,387,8,75,0,0,0,0,0,0,0,0,0,0,0,0,0,0,0,0,-8,0,0,0,0,0,0,0,0,0,0]} 1. e4 e6 2. d4 d5 3. Nd2 Be7 4. Ngf3 Nf6 5. e5 Nfd7 6. Bd3 c5 7. c3 Nc6 8. O-O g5 9. dxc5 g4 10. Nd4 {C06: French Tarrasch: 3...Nf6 4 e5 Nfd7 5 Bd3 main lines} Ndxe5 (10... Ncxe5 11. N2b3 Nxc5 12. Bc2 h5 13. Qe2 Nc6 14. Bf4 Nxb3 15. Nxc6 bxc6 16. axb3 Bd6 17. Bxd6 Qxd6 {1-0 (61) Safarli,E (2691)-Fodor,T (2494) London 2016}) 11. Bb5 Bd7 12. Bxc6 bxc6 {LiveBook: 6 Games} 13. b4 Ng6 14. f4 $146 ({Predecessor:} 14. b5 cxb5 15. c6 Bc8 16. Nxb5 Qb6 17. Qa4 O-O {0-1 (32) Morozov,E (2262)-Savenkov,K (2296) St Petersburg 2015}) 14... gxf3 15. Qxf3 {[%csl Gf1][%cal Rf3f7] [#]} (15. N2xf3 {seems wilder.} O-O 16. Qe2 Bf6 17. Bh6 Re8 18. Qc2) 15... f6 (15... O-O $11) 16. N2b3 e5 17. Nf5 Bxf5 18. Qxf5 Qd7 19. a4 ({White should try} 19. Qh5 $11) 19... Qxf5 $15 20. Rxf5 h5 21. Be3 a6 22. Rd1 O-O-O 23. Rf2 Rhg8 24. Rb2 f5 25. Na5 f4 26. Bf2 $1 Kc7 27. b5 $36 {[%mdl 2048] White has good play.} axb5 28. axb5 cxb5 29. Rxb5 Rb8 30. Rb6 d4 ({But not} 30... Rxb6 $2 31. cxb6+ Kd6 32. b7 $18) (30... e4 $5 {[%cal Re4e3]}) 31. cxd4 e4 $2 (31... Rxb6 $14 32. cxb6+ Kxb6 33. Nc4+ Kc6) 32. d5 (32. Rxb8 $18 Rxb8 33. d5) 32... Rxb6 $14 33. cxb6+ Kd7 {Black wants to play ...e3.} 34. b7 {d6! is the strong threat.} e3 35. Be1 $1 {Strongly threatening Nc4.} Bd6 {[#]} (35... Ne5 $14 36. Rb1 Bd6) 36. Rb1 (36. Nc4 $1 $16) 36... Ne5 $1 $11 37. Kf1 Bb8 38. Bc3 {And now Bxe5 would win.} Ng4 $2 {[%mdl 8192]} (38... e2+ $1 $11 {and Black is okay.} 39. Kxe2 Rxg2+ 40. Kf1 f3) 39. Nc6 $18 Nxh2+ 40. Kg1 $2 ({White should play} 40. Ke2 $18 Ng4 41. Kf3) 40... Ng4 (40... Nf3+ $1 $11 41. Kf1 Nd2+ 42. Bxd2 exd2 43. Nxb8+ Rxb8) 41. Rf1 (41. Rb2 $16) 41... Bd6 $11 {The position is equal.} 42. Bb4 {Hoping for Bxd6.} Bxb4 43. Nxb4 {[%mdl 4096] Endgame Threatens to win with Rb1. KRN-KRN} Kc7 44. Rxf4 Kxb7 45. Kf1 Kc7 46. Nc2 Kd6 47. Rf5 Rb8 48. Rxh5 Rb2 49. Rh4 Rxc2 (49... e2+ $5 50. Ke1 Ne5 $11) 50. Rxg4 Kxd5 51. Ke1 Ke5 52. Rg8 Kf4 53. Rf8+ Kg4 54. Rg8+ {Precision: White = 45%, Black = 54%.} 1/2-1/2

[Event "NED-ch Women 2018"]
[Site "Amsterdam"]
[Date "2018.07.03"]
[Round "1"]
[White "Keetman, Maaike"]
[Black "Paulet, Iozefina"]
[Result "1/2-1/2"]
[WhiteElo "2190"]
[BlackElo "2286"]
[Annotator "ChessBase"]
[PlyCount "107"]
[EventDate "2018.07.02"]
[EventType "tourn"]
[EventCountry "NED"]
[SourceTitle "playchess.com"]
[Source "ChessBase"]
[SourceQuality "1"]
[TimeControl "40/5400+30:1800+30"]

1. e4 {[%emt 0:00:00]} e6 {[%emt 0:00:00]} 2. d4 {[%emt 0:00:00]} d5 {[%emt 0:00:00]} 3. Nd2 {[%emt 0:00:00]} Be7 {[%emt 0:00:00]} 4. Ngf3 {[%emt 0:00:06]} Nf6 {[%emt 0:01:20]} 5. e5 {[%emt 0:00:30]} Nfd7 {[%emt 0:00:05]} 6. Bd3 {[%emt 0:00:09]} c5 {[%emt 0:00:06]} 7. c3 {[%emt 0:00:04]} Nc6 {[%emt 0:00:14]} 8. O-O {[%emt 0:00:25]} g5 {[%emt 0:13:23]} 9. dxc5 {[%emt 0:01:00]} g4 {[%emt 0:00:11]} 10. Nd4 {[%emt 0:00:42]} Ndxe5 {[%emt 0:00:07]} 11. Bb5 {[%emt 0:14:37]} Bd7 {[%emt 0:00:48]} 12. Bxc6 {[%emt 0:01:20]} bxc6 {[%emt 0:02:07]} 13. b4 {[%emt 0:04:31]} Ng6 {[%emt 0:08:48]} 14. f4 {[%emt 0:09:01]} gxf3 {[%emt 0:04:56]} 15. Qxf3 {[%emt 0:02:53]} f6 {[%emt 0:00:20]} 16. N2b3 {[%emt 0:02:44]} e5 {[%emt 0:03:28]} 17. Nf5 {[%emt 0:01:34]} Bxf5 {[%emt 0:00:05]} 18. Qxf5 {[%emt 0:00:02]} Qd7 {[%emt 0:00:07]} 19. a4 {[%emt 0:21:59]} Qxf5 {[%emt 0:04:53]} 20. Rxf5 {[%emt 0:00:06]} h5 {[%emt 0:00:11]} 21. Be3 {[%emt 0:06:48]} a6 {[%emt 0:15:47]} 22. Rd1 {[%emt 0:06:29]} O-O-O {[%emt 0:11:57]} 23. Rf2 {[%emt 0:09:02]} Rhg8 {[%emt 0:06:18]} 24. Rb2 {[%emt 0:06:12]} f5 {[%emt 0:11:05]} 25. Na5 {[%emt 0:02:03]} f4 {[%emt 0:00:04]} 26. Bf2 {[%emt 0:01:01]} Kc7 {[%emt 0:00:03]} 27. b5 {[%emt 0:01:01]} axb5 {[%emt 0:00:04]} 28. axb5 {[%emt 0:00:05]} cxb5 {[%emt 0:00:03]} 29. Rxb5 {[%emt 0:00:29]} Rb8 {[%emt 0:01:05]} 30. Rb6 {[%emt 0:03:20]} d4 {[%emt 0:05:22]} 31. cxd4 {[%emt 0:01:32]} e4 {[%emt 0:02:51]} 32. d5 {[%emt 0:00:18]} Rxb6 {[%emt 0:00:03]} 33. cxb6+ {[%emt 0:00:22]} Kd7 {[%emt 0:00:08]} 34. b7 {[%emt 0:02:05]} e3 {[%emt 0:00:37]} 35. Be1 {[%emt 0:00:42]} Bd6 {[%emt 0:05:06]} 36. Rb1 {[%emt 0:00:53]} Ne5 {[%emt 0:00:17]} 37. Kf1 {[%emt 0:00:46]} Bb8 {[%emt 0:01:43]} 38. Bc3 {[%emt 0:00:45]} Ng4 {[%emt 0:04:09]} 39. Nc6 {[%emt 0:02:47]} Nxh2+ {[%emt 0:00:10]} 40. Kg1 {[%emt 0:00:35]} Ng4 {[%emt 0:01:17]} 41. Rf1 {[%emt 0:04:54]} Bd6 {[%emt 0:21:15]} 42. Bb4 {[%emt 0:13:40]} Bxb4 {[%emt 0:02:53]} 43. Nxb4 {[%emt 0:01:58]} Kc7 {[%emt 0:00:16]} 44. Rxf4 {[%emt 0:00:34]} Kxb7 {[%emt 0:00:05]} 45. Kf1 {[%emt 0:00:53]} Kc7 {[%emt 0:02:07]} 46. Nc2 {[%emt 0:02:39]} Kd6 {[%emt 0:03:21]} 47. Rf5 {[%emt 0:00:20]} Rb8 {[%emt 0:03:32]} 48. Rxh5 {[%emt 0:03:28]} Rb2 {[%emt 0:00:14]} 49. Rh4 {[%emt 0:01:24]} Rxc2 {[%emt 0:00:35]} 50. Rxg4 {[%emt 0:00:04]} Kxd5 {[%emt 0:00:16]} 51. Ke1 {[%emt 0:00:42]} Ke5 {[%emt 0:00:12]} 52. Rg8 {[%emt 0:00:49]} Kf4 {[%emt 0:00:27]} 53. Rf8+ {[%emt 0:00:05]} Kg4 {[%emt 0:01:06]} 54. Rg8+ {[%emt 0:00:05]} 1/2-1/2

[Event "NED-ch Women 2018"]
[Site "Amsterdam"]
[Date "2018.07.03"]
[Round "2"]
[White "Haast, Anne"]
[Black "Hortensius, Lisa"]
[Result "1-0"]
[WhiteElo "2343"]
[BlackElo "2169"]
[Annotator "NA"]
[PlyCount "65"]
[EventDate "2018.07.02"]
[EventType "tourn"]
[EventCountry "NED"]
[SourceTitle "playchess.com"]
[Source "ChessBase"]
[SourceQuality "1"]
[TimeControl "40/5400+30:1800+30"]

1. e4 {[%emt 0:00:00]} c5 {[%emt 0:00:00]} 2. Nf3 {[%emt 0:00:00]} e6 {[%emt 0:00:00]} 3. d4 {[%emt 0:00:13]} cxd4 {[%emt 0:00:12]} 4. Nxd4 {[%emt 0:00:14]} Nc6 {[%emt 0:00:26]} 5. Nc3 {[%emt 0:00:45]} Qc7 {[%emt 0:00:30]} 6. Be3 {[%emt 0:00:56]} a6 {[%emt 0:01:17]} 7. Qf3 {[%emt 0:01:22]} Ne5 {[%emt 0:02:13]} 8. Qg3 {[%emt 0:01:23]} b5 $14 {[%emt 0:02:53] LiveBook: 10 Games} 9. O-O-O {[%emt 0:07:15]} Nf6 {[%emt 0:04:39]} 10. f4 {[%emt 0:02:38]} Neg4 {[%emt 0:04:08]} 11. Bg1 {[%emt 0:00:58]} h5 {[%emt 0:01:46]} 12. Bd3 {[%emt 0:01:14]} Bb7 {[%emt 0:16:05]} 13. h3 {[%emt 0:01:57]} h4 {[%emt 0:11:16]} 14. Qf3 {[%emt 0:01:18]} Nh6 {[%emt 0:00:21]} 15. Qe3 {[%emt 0:01:05]} b4 {[%emt 0:15:18]} 16. Na4 {[%emt 0:01:20]} Be7 {[%emt 0:06:02]} 17. Kb1 {[%emt 0:09:27]} d5 {[%emt 0:06:39]} 18. e5 {[%emt 0:02:19]} Ne4 {[%emt 0:01:57]} 19. g4 {[%emt 0:30:07]} hxg3 {[%emt 0:09:18]} 20. Bxe4 {[%emt 0:00:46]} dxe4 {[%emt 0:00:07]} 21. Qxg3 {[%emt 0:01:19]} g6 {[%emt 0:03:35]} 22. Nxe6 {[%emt 0:06:17]} fxe6 {[%emt 0:04:22]} 23. Qxg6+ {[%emt 0:00:33]} Kf8 {[%emt 0:02:26]} 24. Bb6 {[%emt 0:06:00]} Qc6 {[%emt 0:01:57]} 25. Rhg1 {[%emt 0:00:48]} Nf5 {[%emt 0:00:37]} 26. Bc5 {[%emt 0:02:23]} Bxc5 {[%emt 0:03:26]} 27. Qf6+ {[%emt 0:00:57]} Ke8 {[%emt 0:00:05]} 28. Qxh8+ {[%emt 0:00:42]} Bf8 {[%emt 0:00:09]} 29. Qh5+ {[%emt 0:02:25]} Ke7 {[%emt 0:00:08]} 30. Qg5+ {[%emt 0:00:17]} Ke8 {[%emt 0:00:14]} 31. Qg6+ {[%emt 0:00:13]} Ke7 {[%emt 0:00:05]} 32. Qf6+ {[%emt 0:00:08]} Ke8 {[%emt 0:00:04]} 33. Rg8 {[%emt 0:01:09]} 1-0

[Event "NED-ch Women 2018"]
[Site "Amsterdam"]
[Date "2018.07.03"]
[Round "2"]
[White "Paulet, Iozefina"]
[Black "Peng, Zhaoqin"]
[Result "1/2-1/2"]
[WhiteElo "2286"]
[BlackElo "2352"]
[Annotator "NA"]
[PlyCount "132"]
[EventDate "2018.07.02"]
[EventType "tourn"]
[EventCountry "NED"]
[SourceTitle "playchess.com"]
[Source "ChessBase"]
[SourceQuality "1"]
[TimeControl "40/5400+30:1800+30"]

1. e4 {[%emt 0:00:00]} c6 {[%emt 0:00:00]} 2. d4 {[%emt 0:00:39]} d5 {[%emt 0:00:00]} 3. Nd2 {[%emt 0:00:06]} g6 {[%emt 0:00:06]} 4. h3 {[%emt 0:00:43]} dxe4 {[%emt 0:02:54]} 5. Nxe4 {[%emt 0:00:12]} Bg7 {[%emt 0:00:03] LiveBook: 57 Games} 6. Nf3 {[%emt 0:00:24]} Nd7 {[%emt 0:00:50]} 7. Bc4 {[%emt 0:01:23]} Ngf6 $14 {[%emt 0:00:31]} 8. Ned2 {[%emt 0:11:11]} O-O {[%emt 0:01:16]} 9. O-O {[%emt 0:00:11]} c5 {[%emt 0:09:17]} 10. c3 {[%emt 0:06:20]} cxd4 {[%emt 0:04:15]} 11. cxd4 {[%emt 0:00:06]} Nb6 {[%emt 0:08:03]} 12. Bb3 {[%emt 0:08:28]} a5 {[%emt 0:03:39]} 13. Nb1 {[%emt 0:09:28]} a4 {[%emt 0:12:23]} 14. Bc2 {[%emt 0:00:31]} Bd7 {[%emt 0:00:08]} 15. Nc3 {[%emt 0:04:07]} Qc7 {[%emt 0:06:40]} 16. Ne5 {[%emt 0:04:11]} a3 {[%emt 0:12:17]} 17. Nxd7 {[%emt 0:00:42]} Nfxd7 {[%emt 0:02:55]} 18. Nb5 {[%emt 0:08:42]} axb2 {[%emt 0:00:27]} 19. Bxb2 {[%emt 0:00:09]} Qc6 {[%emt 0:00:21]} 20. a4 {[%emt 0:01:05]} Nf6 {[%emt 0:07:48]} 21. Rc1 {[%emt 0:05:59]} Qd7 {[%emt 0:00:43]} 22. Bb3 {[%emt 0:02:07]} Rfc8 {[%emt 0:01:18]} 23. Rc5 {[%emt 0:19:01]} Nbd5 {[%emt 0:03:47]} 24. Qf3 {[%emt 0:00:49]} e6 {[%emt 0:00:03]} 25. Ba3 {[%emt 0:08:34]} b6 {[%emt 0:00:37]} 26. Rxc8+ {[%emt 0:00:13]} Rxc8 {[%emt 0:00:01]} 27. Bd6 {[%emt 0:05:20]} Nc3 {[%emt 0:07:12]} 28. Be5 {[%emt 0:00:06]} Nxb5 {[%emt 0:00:21]} 29. axb5 {[%emt 0:00:05]} Nd5 {[%emt 0:00:07]} 30. Bxd5 {[%emt 0:02:39]} exd5 {[%emt 0:06:34]} 31. Bxg7 {[%emt 0:00:03]} Kxg7 {[%emt 0:00:10]} 32. Qe2 {[%emt 0:01:26]} Qe6 {[%emt 0:04:55]} 33. Qd2 {[%emt 0:00:35]} Qe4 {[%emt 0:03:33]} 34. Re1 {[%emt 0:00:40]} Rc2 {[%emt 0:00:09]} 35. Qe3 {[%emt 0:00:36]} Qxe3 {[%emt 0:00:47]} 36. fxe3 {[%emt 0:00:04]} Rb2 {[%emt 0:00:05]} 37. Rc1 {[%emt 0:00:22]} Rxb5 {[%emt 0:00:51]} 38. Rc6 {[%emt 0:00:02]} h5 {[%emt 0:01:53]} 39. Kf2 {[%emt 0:00:05]} Kf8 {[%emt 0:01:08]} 40. Kf3 {[%emt 0:00:29]} Ke7 {[%emt 0:00:21]} 41. Kf4 {[%emt 0:09:54]} f6 {[%emt 0:04:22]} 42. g4 {[%emt 0:02:45]} hxg4 {[%emt 0:01:36]} 43. hxg4 {[%emt 0:00:04]} Rb1 {[%emt 0:00:26]} 44. g5 {[%emt 0:07:31]} Rf1+ {[%emt 0:01:24]} 45. Kg3 {[%emt 0:00:01]} Rg1+ {[%emt 0:01:20]} 46. Kf2 {[%emt 0:00:01]} Rxg5 {[%emt 0:00:49]} 47. Rxb6 {[%emt 0:00:03]} Rf5+ {[%emt 0:06:35]} 48. Kg2 {[%emt 0:00:27]} Rh5 {[%emt 0:02:57]} 49. Ra6 {[%emt 0:00:21]} Rh8 {[%emt 0:01:08]} 50. Kg3 {[%emt 0:01:30]} Rd8 {[%emt 0:02:50]} 51. Kf4 {[%emt 0:00:41]} Rd6 {[%emt 0:01:26]} 52. Ra7+ {[%emt 0:03:12]} Ke6 {[%emt 0:00:19]} 53. Rg7 {[%emt 0:00:41]} g5+ {[%emt 0:00:57]} 54. Kg4 {[%emt 0:00:01]} Rd7 {[%emt 0:01:12]} 55. Rg8 {[%emt 0:00:08]} Kf7 {[%emt 0:03:00]} 56. Ra8 {[%emt 0:00:17]} Re7 {[%emt 0:00:44]} 57. Kf3 {[%emt 0:01:16]} g4+ {[%emt 0:01:21]} 58. Kxg4 {[%emt 0:00:32]} Rxe3 {[%emt 0:00:06]} 59. Kf5 {[%emt 0:02:59]} Rf3+ {[%emt 0:00:39]} 60. Kg4 {[%emt 0:00:07]} Rf1 {[%emt 0:00:54]} 61. Ra6 {[%emt 0:01:13]} Kg6 {[%emt 0:00:56]} 62. Rd6 {[%emt 0:00:40]} Rg1+ {[%emt 0:00:27]} 63. Kf4 {[%emt 0:00:30]} Rg5 {[%emt 0:01:03]} 64. Rd7 {[%emt 0:03:43]} Rh5 {[%emt 0:00:55]} 65. Kg4 {[%emt 0:00:02]} Rg5+ {[%emt 0:01:46]} 66. Kf4 {[%emt 0:00:04]} Rh5 {[%emt 0:00:00] Ke4 [%emt 00:00:04]} 1/2-1/2

[Event "NED-ch Women 2018"]
[Site "Amsterdam"]
[Date "2018.07.03"]
[Round "2"]
[White "Ratsma, Rosa"]
[Black "Keetman, Maaike"]
[Result "1-0"]
[WhiteElo "2265"]
[BlackElo "2190"]
[Annotator "NA"]
[PlyCount "141"]
[EventDate "2018.07.02"]
[EventType "tourn"]
[EventCountry "NED"]
[SourceTitle "playchess.com"]
[Source "ChessBase"]
[SourceQuality "1"]
[TimeControl "40/5400+30:1800+30"]

1. e4 {[%emt 0:00:00]} e6 {[%emt 0:00:00]} 2. d4 {[%emt 0:00:01]} d5 {[%emt 0:00:00]} 3. Nc3 {[%emt 0:00:57]} Bb4 {[%emt 0:00:17]} 4. e5 {[%emt 0:00:33]} c5 {[%emt 0:00:10]} 5. Bd2 {[%emt 0:00:40]} cxd4 {[%emt 0:07:37]} 6. Nb5 {[%emt 0:00:15]} Bc5 {[%emt 0:01:20]} 7. b4 {[%emt 0:00:52]} Be7 {[%emt 0:00:24]} 8. Nxd4 $14 {[%emt 0:01:05]} Nc6 {[%emt 0:01:00]} 9. Nxc6 {[%emt 0:00:56]} bxc6 {[%emt 0:00:07]} 10. Qg4 {[%emt 0:00:58]} Kf8 {[%emt 0:05:15]} 11. Bd3 {[%emt 0:03:17]} Qc7 {[%emt 0:07:24]} 12. f4 {[%emt 0:05:16]} h5 {[%emt 0:06:11]} 13. Qe2 {[%emt 0:05:01]} c5 {[%emt 0:17:07]} 14. bxc5 {[%emt 0:04:20]} Bxc5 {[%emt 0:00:33]} 15. Rb1 {[%emt 0:07:26]} Ne7 {[%emt 0:03:20]} 16. Nf3 {[%emt 0:03:01]} Rb8 {[%emt 0:05:39]} 17. Rb3 {[%emt 0:07:13]} Bd7 {[%emt 0:12:38]} 18. Be3 {[%emt 0:11:48]} Rxb3 {[%emt 0:03:52]} 19. axb3 {[%emt 0:02:49]} Qb6 {[%emt 0:01:03]} 20. Kf2 {[%emt 0:07:42]} d4 {[%emt 0:04:03]} 21. Bd2 {[%emt 0:00:42]} Bb5 {[%emt 0:01:36]} 22. b4 {[%emt 0:12:40]} Bxd3 {[%emt 0:01:25]} 23. Qxd3 {[%emt 0:04:03]} Bxb4 {[%emt 0:00:29]} 24. Bxb4 {[%emt 0:00:29]} Qxb4 {[%emt 0:00:13]} 25. Qxd4 {[%emt 0:00:46]} Qxd4+ {[%emt 0:04:08]} 26. Nxd4 {[%emt 0:00:59]} g5 {[%emt 0:03:07]} 27. fxg5 {[%emt 0:02:52]} Kg7 {[%emt 0:00:26]} 28. Ke3 {[%emt 0:03:40]} Rc8 {[%emt 0:03:44]} 29. Rb1 {[%emt 0:02:45]} Nd5+ {[%emt 0:01:48]} 30. Kd2 {[%emt 0:00:51]} Nb6 {[%emt 0:04:01]} 31. Kd3 {[%emt 0:02:27]} Kg6 {[%emt 0:03:00]} 32. h4 {[%emt 0:03:31]} Nd7 {[%emt 0:01:29]} 33. Rb5 {[%emt 0:02:56]} Nb6 {[%emt 0:01:26]} 34. g3 {[%emt 0:01:35]} Nc4 {[%emt 0:00:36]} 35. Ke4 {[%emt 0:01:44]} Nd2+ {[%emt 0:00:25]} 36. Kd3 {[%emt 0:00:16]} Nc4 {[%emt 0:00:22]} 37. Nf3 {[%emt 0:00:53]} Na3 {[%emt 0:01:08]} 38. Rb2 {[%emt 0:00:51]} Rc7 {[%emt 0:00:34]} 39. Ra2 {[%emt 0:00:43]} Nc4 {[%emt 0:00:31]} 40. c3 {[%emt 0:00:28]} Kf5 {[%emt 0:00:58]} 41. Nd4+ {[%emt 0:10:57]} Kg4 {[%emt 0:08:13]} 42. Re2 {[%emt 0:01:33]} Kxg3 {[%emt 0:03:13]} 43. g6 {[%emt 0:05:26]} fxg6 {[%emt 0:04:07]} 44. Nxe6 {[%emt 0:00:07]} Rc8 {[%emt 0:00:09]} 45. Re4 {[%emt 0:01:37]} Nb6 {[%emt 0:00:39]} 46. Nd4 {[%emt 0:02:49]} Nd7 {[%emt 0:01:33]} 47. Ne2+ {[%emt 0:01:11]} Kh3 {[%emt 0:00:36]} 48. Ke3 {[%emt 0:02:08]} Re8 {[%emt 0:05:59]} 49. Ng1+ {[%emt 0:01:39]} Kg3 {[%emt 0:00:51]} 50. Ne2+ {[%emt 0:01:27]} Kh3 {[%emt 0:00:26]} 51. Kd4 {[%emt 0:00:54]} Rd8 {[%emt 0:00:44]} 52. Nf4+ {[%emt 0:00:30]} Kg3 {[%emt 0:00:26]} 53. Nd5 {[%emt 0:00:57]} g5 {[%emt 0:02:28]} 54. hxg5 {[%emt 0:01:34]} h4 {[%emt 0:00:09]} 55. e6 {[%emt 0:01:22]} h3 {[%emt 0:02:56]} 56. exd7 {[%emt 0:02:40]} Rxd7 {[%emt 0:02:01]} 57. Re3+ {[%emt 0:01:13]} Kg2 {[%emt 0:01:01]} 58. Ke5 {[%emt 0:00:44]} h2 {[%emt 0:00:16]} 59. Nf4+ {[%emt 0:00:27]} Kf1 {[%emt 0:01:25]} 60. Rh3 {[%emt 0:00:31]} Kg1 {[%emt 0:00:08]} 61. Ne2+ {[%emt 0:00:39]} Kg2 {[%emt 0:00:06]} 62. Nf4+ {[%emt 0:00:10]} Kg1 {[%emt 0:00:03]} 63. g6 {[%emt 0:00:54]} h1=Q {[%emt 0:00:28]} 64. Rxh1+ {[%emt 0:00:11]} Kxh1 {[%emt 0:00:03]} 65. Ne6 {[%emt 0:00:48]} Rd2 {[%emt 0:03:43]} 66. g7 {[%emt 0:00:21]} Rg2 {[%emt 0:00:18]} 67. Kf4 {[%emt 0:00:35]} Rf2+ {[%emt 0:00:31]} 68. Ke5 {[%emt 0:00:25]} Rg2 {[%emt 0:00:11]} 69. Kf6 {[%emt 0:00:09]} Rf2+ {[%emt 0:00:05]} 70. Kg6 {[%emt 0:00:12]} Rg2+ {[%emt 0:00:11]} 71. Ng5 {[%emt 0:00:10]} 1-0

[Event "NED-ch Women 2018"]
[Site "Amsterdam"]
[Date "2018.07.03"]
[Round "2"]
[White "De Mie, Mariska de"]
[Black "Lanchava, Tea"]
[Result "0-1"]
[WhiteElo "2193"]
[BlackElo "2310"]
[Annotator "NA"]
[PlyCount "92"]
[EventDate "2018.07.02"]
[EventType "tourn"]
[EventCountry "NED"]
[SourceTitle "playchess.com"]
[Source "ChessBase"]
[SourceQuality "1"]
[TimeControl "40/5400+30:1800+30"]

1. e4 {[%emt 0:00:00]} d6 {[%emt 0:00:00]} 2. d4 {[%emt 0:00:00]} Nf6 {[%emt 0:00:00]} 3. Nc3 {[%emt 0:00:00]} g6 {[%emt 0:00:05]} 4. h3 {[%emt 0:02:50]} Bg7 {[%emt 0:00:58] LiveBook: 422 Games} 5. Be3 {[%emt 0:02:32]} a6 {[%emt 0:00:26]} 6. g4 {[%emt 0:08:55]} b5 {[%emt 0:03:41]} 7. Bg2 {[%emt 0:00:32]} Bb7 {[%emt 0:00:28]} 8. a3 {[%emt 0:01:48]} Nfd7 {[%emt 0:03:55]} 9. Qd2 $11 {[%emt 0:04:42]} Nb6 {[%emt 0:00:57]} 10. b3 {[%emt 0:00:57]} h6 {[%emt 0:07:13]} 11. Nge2 {[%emt 0:02:15]} N8d7 {[%emt 0:03:00]} 12. d5 {[%emt 0:16:49]} c5 {[%emt 0:05:25]} 13. dxc6 {[%emt 0:00:35]} Bxc6 {[%emt 0:00:11]} 14. Bd4 {[%emt 0:00:34]} Nf6 {[%emt 0:07:04]} 15. O-O {[%emt 0:09:44]} Qc7 {[%emt 0:07:12]} 16. f4 {[%emt 0:04:26]} e5 {[%emt 0:06:30]} 17. Be3 {[%emt 0:02:02]} Rd8 {[%emt 0:02:35]} 18. Rad1 {[%emt 0:15:32]} O-O {[%emt 0:02:24]} 19. fxe5 {[%emt 0:03:18]} dxe5 {[%emt 0:00:30]} 20. Qc1 {[%emt 0:00:13]} Rxd1 {[%emt 0:02:26]} 21. Rxd1 {[%emt 0:00:22]} h5 {[%emt 0:02:10]} 22. g5 {[%emt 0:00:57]} Nfd7 {[%emt 0:01:27]} 23. Qd2 {[%emt 0:01:28]} Rc8 {[%emt 0:00:48]} 24. Qe1 {[%emt 0:09:18]} Bf8 {[%emt 0:01:01]} 25. Bc1 {[%emt 0:03:36]} Bb7 {[%emt 0:01:30]} 26. Qg3 {[%emt 0:01:58]} a5 {[%emt 0:00:39]} 27. Qf3 {[%emt 0:04:15]} b4 {[%emt 0:03:23]} 28. axb4 {[%emt 0:00:53]} axb4 {[%emt 0:00:17]} 29. Rf1 {[%emt 0:01:21]} Nc5 {[%emt 0:01:41]} 30. Nd5 {[%emt 0:01:14]} Nxd5 {[%emt 0:06:34]} 31. exd5 {[%emt 0:00:02]} Rd8 {[%emt 0:00:46]} 32. c4 {[%emt 0:01:04]} bxc3 {[%emt 0:00:08]} 33. Qxc3 {[%emt 0:00:39]} Bxd5 {[%emt 0:00:47]} 34. Bxd5 {[%emt 0:01:23]} Rxd5 {[%emt 0:00:04]} 35. Bb2 {[%emt 0:00:23]} Qb6 {[%emt 0:00:43]} 36. Qf3 {[%emt 0:00:38]} Qe6 {[%emt 0:00:59]} 37. b4 {[%emt 0:00:28]} Rd3 {[%emt 0:00:26]} 38. Qg2 {[%emt 0:00:38]} Na4 {[%emt 0:00:31]} 39. Ba1 {[%emt 0:00:17]} Rxh3 {[%emt 0:02:57]} 40. Rf6 {[%emt 0:00:35]} Qd7 {[%emt 0:04:35]} 41. Ng3 {[%emt 0:09:11]} h4 {[%emt 0:13:09]} 42. Ne4 {[%emt 0:02:18]} Qd3 {[%emt 0:04:54]} 43. Bxe5 {[%emt 0:07:24]} Bg7 {[%emt 0:02:40]} 44. Qa2 {[%emt 0:03:55]} Qe3+ {[%emt 0:06:43]} 45. Rf2 {[%emt 0:02:14]} Qe1+ {[%emt 0:00:57]} 46. Kg2 {[%emt 0:01:03]} Qh1# {[%emt 0:01:42]} 0-1

[Event "NED-ch Women 2018"]
[Site "Amsterdam"]
[Date "2018.07.06"]
[Round "3"]
[White "Peng, Zhaoqin"]
[Black "Ratsma, Rosa"]
[Result "1/2-1/2"]
[WhiteElo "2352"]
[BlackElo "2265"]
[Annotator "TA"]
[PlyCount "116"]
[EventDate "2018.07.02"]
[EventType "tourn"]
[EventCountry "NED"]
[SourceTitle "playchess.com"]
[Source "ChessBase"]
[SourceQuality "1"]

{[%evp 17,116,-17,-4,-18,-18,-17,-16,-17,0,0,0,-38,-30,-37,-32,-30,-29,-38,-33,-47,-40,-37,-46,-43,-14,-6,0,0,0,0,0,-57,-57,-86,-94,-92,-54,-52,-47,-99,-49,-115,-100,-173,-177,-152,-137,-246,-240,-312,-308,-297,-291,-294,-278,-240,-162,-192,-143,-179,-132,-149,-137,-176,-183,-230,-183,-178,-180,-159,-100,-103,-98,-98,-98,-68,-66,-75,-72,-65,-30,-31,-12,-12,-8,-8,-8,-18,-18,-18,0,0,0,0,0,0,0,0,0,0,0]} 1. d4 Nf6 2. c4 e6 3. Nc3 Bb4 4. Qc2 O-O 5. a3 Bxc3+ 6. Qxc3 d5 7. Nf3 dxc4 8. Qxc4 b6 9. g3 {E36: Nimzo-Indian: Classical: 4...d5 5 a3} (9. Bg5 Ba6 10. Qa4 Qd7 11. Qc2 c5 12. Bxf6 gxf6 13. Rd1 Qe7 14. g3 Bb7 15. Bg2 Rd8 16. O-O Nd7 {½-½ (30) Mamedyarov,S (2808)-Caruana,F (2816) Paris 2018}) 9... Ba6 {LiveBook: 17 Games} 10. Qa4 Qd7 11. Qxd7 Nbxd7 12. Bg5 $146 ({Predecessor:} 12. e3 Bxf1 13. Kxf1 c5 14. Kg2 Rfc8 15. Rd1 cxd4 16. Rxd4 Nc5 {0-1 (53) Stanisz,P (2188)-Harvey,M (2349) England 2018}) 12... c5 13. Bg2 Rac8 14. Rd1 h6 15. Bxf6 Nxf6 16. dxc5 Rxc5 17. Nd4 e5 18. b4 Rc3 19. Nc6 Rxa3 20. Nxe5 Re8 21. f4 Re3 22. Bf3 $1 Ne4 $36 {[%mdl 2048] Black is pushing.} 23. Ra1 Bb5 {...f6 is the strong threat.} 24. O-O (24. Rxa7 $11 f6 25. Ng6) 24... Nd2 $15 ({Much worse is} 24... Bxe2 $6 25. Rfe1 $14) 25. Rfd1 Nxf3+ 26. exf3 f6 27. Ng6 $1 a6 28. f5 ({White should try} 28. Nh4 $15) 28... h5 29. Rac1 (29. Nh4 $15) 29... Rxf3 $17 30. Re1 (30. Nf4 $17) 30... Rxe1+ $19 31. Rxe1 {[%mdl 4096] Endgame [#] KRB-KRN} Kh7 $1 32. Nh4 (32. Nf4 $17) 32... Rb3 33. Re6 Rb1+ 34. Kf2 Rb2+ 35. Kg1 Rxb4 36. Rxb6 Re4 37. h3 Re8 38. Kf2 Bd3 39. Rd6 Bc4 40. Rd4 Bb5 41. Rb4 Re5 42. g4 a5 43. Rb1 {[#]} a4 (43... Be8 $142 $1 44. Rb8 Re4) 44. Ng6 $17 Rc5 45. Nf8+ Kh6 46. Ne6 Re5 47. Nd4 Bd7 48. Rb8 {Threatens to win with Rh8+.} hxg4 49. hxg4 {Strongly threatening Rh8+.} Re8 50. Rb7 {The position is equal.} Rd8 {Hoping for ...Bc8.} 51. Ra7 g6 52. Kg3 Be8 53. Ne6 Rb8 (53... Rd3+ {with more complications.} 54. Kh2 gxf5 55. gxf5 Bc6 56. Rf7 Rc3) 54. fxg6 Bxg6 55. Rxa4 Bf7 56. Nf4 Rb3+ 57. Kh4 Rf3 58. Rb4 Kg7 {Precision: White = 62%, Black = 70%.} 1/2-1/2